The theory of probability / (Record no. 18886)
[ view plain ]
| 000 -LEADER | |
|---|---|
| fixed length control field | 01122cam a2200301 i 4500 |
| 001 - CONTROL NUMBER | |
| control field | 17658687 |
| 003 - CONTROL NUMBER IDENTIFIER | |
| control field | EG-ScBUE |
| 005 - DATE AND TIME OF LATEST TRANSACTION | |
| control field | 20241106111442.0 |
| 008 - FIXED-LENGTH DATA ELEMENTS--GENERAL INFORMATION | |
| fixed length control field | 130314s2013 enka f b f001 0 eng d |
| 020 ## - INTERNATIONAL STANDARD BOOK NUMBER | |
| International Standard Book Number | 9781107024472 (hbk.) |
| 020 ## - INTERNATIONAL STANDARD BOOK NUMBER | |
| International Standard Book Number | 1107024471 (hbk.) |
| 040 ## - CATALOGING SOURCE | |
| Original cataloging agency | UKMGB |
| Language of cataloging | eng |
| Description conventions | rda |
| Transcribing agency | UKMGB |
| Modifying agency | OCLCO |
| -- | BTCTA |
| -- | CDX |
| -- | YDXCP |
| -- | BWX |
| -- | AUM |
| -- | DLC |
| -- | EG-ScBUE |
| 082 04 - DEWEY DECIMAL CLASSIFICATION NUMBER | |
| Classification number | 519.2 |
| Edition number | 22 |
| Item number | VEN |
| 100 1# - MAIN ENTRY--PERSONAL NAME | |
| Personal name | Venkatesh, Santosh S. |
| 9 (RLIN) | 37187 |
| Dates associated with a name | 1959- |
| Relator term | author. |
| 245 14 - TITLE STATEMENT | |
| Title | The theory of probability / |
| Statement of responsibility, etc | Santosh S. Venkatesh, University of Pennsylvania. |
| 246 34 - VARYING FORM OF TITLE | |
| Title proper/short title | Theory of probability : |
| Remainder of title | explorations and applications |
| 264 #1 - PUBLICATION, DISTRIBUTION, ETC. (IMPRINT) | |
| Place of publication, distribution, etc | Cambridge, United Kingdom ; |
| -- | New York, United States : |
| Name of publisher, distributor, etc | Cambridge University Press, |
| Date of publication, distribution, etc | 2013. |
| 300 ## - PHYSICAL DESCRIPTION | |
| Extent | xxiv, 805 pages : |
| Other physical details | illustrations ; |
| Dimensions | 26 cm |
| 336 ## - CONTENT TYPE | |
| Source | rdacontent |
| Content type term | text |
| Content type code | txt |
| 337 ## - MEDIA TYPE | |
| Media type term | unmediated |
| Source | rdamedia |
| Media type code | n |
| 338 ## - CARRIER TYPE | |
| Carrier type term | volume |
| Carrier type code | nc |
| Source | rdacarrier |
| 500 ## - GENERAL NOTE | |
| General note | Includes appendixes. |
| 504 ## - BIBLIOGRAPHY, ETC. NOTE | |
| Bibliography, etc | Includes bibliographical references and index.<br/> |
| 650 #7 - SUBJECT ADDED ENTRY--TOPICAL TERM | |
| Topical term or geographic name as entry element | Probabilities. |
| Source of heading or term | BUEsh |
| 9 (RLIN) | 3494 |
| 653 ## - INDEX TERM--UNCONTROLLED | |
| Resource For college | Engineering, Electrical |
| Arrived date list | January2015 |
| 655 ## - INDEX TERM--GENRE/FORM | |
| Form subdivision | Reading book |
| 9 (RLIN) | 34232 |
| 942 ## - ADDED ENTRY ELEMENTS (KOHA) | |
| Source of classification or shelving scheme | Dewey Decimal Classification |
| Koha item type | Book - Borrowing |
| Withdrawn status | Lost status | Source of classification or shelving scheme | Damaged status | Not for loan | Collection code | Home library | Current library | Shelving location | Date acquired | Source of acquisition | Cost, normal purchase price | Serial Enumeration / chronology | Total Checkouts | Full call number | Barcode | Date last seen | Cost, replacement price | Price effective from | Koha item type |
|---|---|---|---|---|---|---|---|---|---|---|---|---|---|---|---|---|---|---|---|
| Dewey Decimal Classification | Baccah | Central Library | Central Library | First floor | 15/01/2015 | Purchase | 540.00 | 21291 | 519.2 VEN | 000037309 | 15/07/2025 | 675.00 | 15/01/2015 | Book - Borrowing |